Reporting ako súčasť kontrollingu

Komplexné podchytenie najdôležitejších udalostí tak, aby bola vytvorená vhodná informačná báza pre riadenie. Reporting je ucelený systém správ, informácií a ukazovateľov, ktorý umožňuje: hodnotiť vývoj, stanoviť ciele, odhaliť silné a slabé stránky a poskytnúť informácie pre manažérov.

Salvato in:
Dettagli Bibliografici
Autore principale: Foltínová, Alžbeta
Natura: Capitolo di libro
Lingua:slovacco
Soggetti:
Tags: Aggiungi Tag
Nessun Tag, puoi essere il primo ad aggiungerne!!

MARC

LEADER 00000nla a2200000 4500
001 0199345
005 20240417075055.6
041 0 |a slo 
044 |a SK 
245 1 0 |a Reporting ako súčasť kontrollingu  |c Alžbeta Foltínová 
520 |a Komplexné podchytenie najdôležitejších udalostí tak, aby bola vytvorená vhodná informačná báza pre riadenie. Reporting je ucelený systém správ, informácií a ukazovateľov, ktorý umožňuje: hodnotiť vývoj, stanoviť ciele, odhaliť silné a slabé stránky a poskytnúť informácie pre manažérov. 
610 2 0 |a reporting 
610 2 0 |a kontroling 
610 2 0 |a metódy organizácie 
610 2 0 |a metódy riadenia 
610 2 0 |a informácie strategické 
610 2 0 |a rozhodovanie manažérske 
100 1 |a Foltínová, Alžbeta